| 000 | 01435cad a22002655a 4500 | ||
|---|---|---|---|
| 001 | E148111 | ||
| 008 | 090730s2009 stk f s000 0 eng d | ||
| 020 | _a9780755976003 | ||
| 022 | 1 | _a0141-514X | |
| 035 | _a(Sirsi) u148111 | ||
| 041 | 0 | _aeng | |
| 050 | 0 | 4 | _a711.1 $2 18 |
| 110 | 2 |
_aScotland _bScottish Government _95344 |
|
| 245 | 0 | 0 |
_aWithdrawal and replacement of the Memorandum of Guidance on Listed Buildings and Conservation Areas _bplanning circular 9 2009 _h[electronic resource] |
| 260 |
_aEdinburgh _bScottish Government _c2009 |
||
| 490 | 0 |
_aPlanning Circular _v(9/2009) |
|
| 505 | 2 | _aIntroduction -- Withdrawal and replacement of the Memorandum -- Effects of this circular | |
| 520 | _aThe Memorandum of Guidance on Listed Buildings and Conservation Areas, published in August 1998 (see E96172), was given effect by Scottish Office Development Department Circular No 13/1998. The Memorandum related to government policy and guidance on conservation and listed buildings. Circular 13/1998 is hereby withdrawn, as the Memorandum's policy and guidance elements have been superseded by other documents. | ||
| 521 | _aAdvanced | ||
| 590 | _aKA | ||
| 651 | 4 |
_aScotland _y1999- |
|
| 690 | _aBUILT ENVIRONMENT-BUILDING TYPES-ANCIENT MONUMENTS AND HISTORIC BUILDINGS | ||
| 856 | 4 | 0 |
_uhttps://www.scotland.gov.uk/Publications/2009/07/22103736/0 _zView the circular free of charge at www.scotland.gov.uk... |
| 942 | _n0 | ||
| 999 |
_c109884 _d109884 |
||